A qui ces lieux doivent-ils leur nom ? (4) - Statistiques

Statistiques générales
  • Ce quiz a été pris 12 fois
  • Le résultat moyen est 7 sur 25
Statistiques - réponses
Hint Extra Hint Explanation Réponse % Correct
Archipel Juan Fernandez A ne pas confondre avec le navigateur portugais du même nom Navigateur/explorateur espagnol
90%
Ville de Darwin en Australie Charles Darwin Naturaliste britannique
70%
Ville de Saint-Louis au Sénégal Louis XIV Souverain de France
70%
Ville de Nelson en Nouvelle-Zélande Horatio Nelson Amiral britannique
50%
Ville d'Oshkosh aux Etats-Unis Oskosh Chef indien
40%
Chutes Livingstone David Livingstone Navigateur/explorateur britannique
40%
Etat de Géorgie aux Etats-Unis George II Souverain d'Angleterre
40%
Mer de Baffin Découvreur du lieu, William Baffin Navigateur/explorateur britannique
30%
Iles Marshall John Marshall Navigateur/explorateur britannique
30%
Lac Champlain Samuel de Champlain Navigateur/explorateur français
30%
Mer de Tasman Abel Tasman Navigateur/explorateur néerlandais
30%
Ville de Melbourne en Australie William Lamb, vicomte de Melbourne Premier ministre britannique
30%
Ville d'Annapolis aux Etats-Unis Reine Anne Reine d'Angleterre
30%
Ville de Pocatello aux Etats-Unis Pocatello Chef indien
20%
Ville d'Austin aux Etats-Unis Stephen Fuller Austin Fondateur du Texas américain
20%
Ville de Colleville-Montgomery (14) Bernard Montgomery Général britannique
20%
Ville de Jacksonville aux Etats-Unis Andrew Jackson Président des Etats-Unis
20%
Ville d'Albertville (73) Charles-Albert de Savoie Souverain de Sardaigne
20%
Péninsule Courbet Amédée Courbet Amiral français
10%
Ville de Decazeville (12) Elie Decazes Duc français
10%
Ville de Cadillac aux Etats-Unis Antoine de Lamothe-Cadillac Fondateur de Détroit
10%
Fayetteville aux Etats-Unis Gilbert du Motier, marquis de La Fayette Marquis français
10%
Baie d'Hudson Henry Hudson Navigateur/explorateur britannique
10%
Albert (80) Albert de Luynes Favori de Louis XIII
0%
Ile Clipperton John Clipperton Mutin britannique qui aurait caché un trésor
0%
Aucun quiz correspondant
Distribution des résultats
% des personnes avec chaque résultat
Percentile par nombre de réponses
Votre historique - résultats
Vous n’avez pas pris ce quiz